Leader xxxxxxxxxx
001 __ 102601/5/02
005 __ 20190801155849.578
010 0_ |a978-986-5824-63-1|b平裝|d新臺幣360元
020 __ |atw|b105010010
042 __ |anbim
100 __ |a20190801d2016 m y0chiy50 e
101 0_ |achi
102 __ |atw
105 __ |aa z 000ay
200 1_ |a複眼人|dThe man with the compound eyes|f吳明益作
205 __ |a初版
210 __ |a臺北市|c新經典圖文傳播|d2016[民105]
215 0_ |a395面|c圖|d21公分
225 12 |a文學森林|vLF0073
225 12 |aLiterary forest|v73
510 1_ |aThe man with the compound eyes|zeng
606 __ |2cst|a長篇小說
700 _1 |a吳|b明益|4作
681 __ |a857.7|b8853
801 _0 |atw|bLibDipper|c20190801|gCCR
|